Central Library OPAC University of Rajshahi

A manual of international law / (Record no. 3677)

MARC details
000 -LEADER
fixed length control field 00901nam a22002772 4500
001 - CONTROL NUMBER
control field 3677
003 - CONTROL NUMBER IDENTIFIER
rucl marc code BD-RjUL
005 - DATE AND TIME OF LATEST TRANSACTION
control field 20211208233753.0
008 - FIXED-LENGTH DATA ELEMENTS--GENERAL INFORMATION
fixed length control field 131219s1967 enkabf b 001 0 eng
035 ## - SYSTEM CONTROL NUMBER
System control number OCLC ocm00957646 from D980424M
-- (BD-RjUL)3711
040 ## - CATALOGING SOURCE
Original cataloging agency DLC
Transcribing agency DLC
Modifying agency UKM
-- EQO
-- BD-RjUL
Language of cataloging eng
041 ## - LANGUAGE CODE
Language code of text/sound track or separate title eng
082 ## - DEWEY DECIMAL CLASSIFICATION NUMBER
Classification number 341
Author mark and year SCM 1967
100 1# - MAIN ENTRY--PERSONAL NAME
Personal name Schwarzenberger, Georg,
Dates associated with a name 1908-
9 (RLIN) 11680
245 12 - TITLE STATEMENT
Title A manual of international law /
Statement of responsibility, etc. by Georg Schwarzenberger.
250 ## - EDITION STATEMENT
Edition statement 5th ed.
260 ## - PUBLICATION, DISTRIBUTION, ETC. (IMPRINT)
Place of publication, distribution, etc. London :
Name of publisher, distributor, etc. published under the auspices of the London Institute of World Affairs ,
Date of publication, distribution, etc. 1967.
300 ## - PHYSICAL DESCRIPTION
Pagination lix, 701 p. :
Illustrations illus. ;
Size 22 cm.
504 ## - BIBLIOGRAPHY, ETC. NOTE
Bibliography, etc Includes Index & Bibliography: p. 403-621.
650 #0 - SUBJECT ADDED ENTRY--TOPICAL TERM
Topical term or geographic name as entry element International law.
9 (RLIN) 11681
830 #0 - SERIES ADDED ENTRY--UNIFORM TITLE
Volume number/sequential designation no. 3
Uniform title Library of world affairs,
942 ## - ADDED ENTRY ELEMENTS (KOHA)
Source of classification or shelving scheme Dewey Decimal Classification
Koha item type Books
Holdings
Lost status Source of classification or shelving scheme Damaged status Not for loan Collection code Permanent Location Current Location Shelving location Date acquired Source of acquisition Cost, normal purchase price Total Checkouts Full call number Date last seen Copy number Koha item type
  Dewey Decimal Classification     Non-fiction Central Library, University of Rajshahi Central Library, University of Rajshahi   15/06/1968 Zeitlinger 97.60   341 SCM 1967 19/12/2013 C-2 Books
  Dewey Decimal Classification     Non-fiction Central Library, University of Rajshahi Central Library, University of Rajshahi   15/06/1968 Zeitlinger 97.60   341 SCM 1967 26/07/2016 C-3 Books
  Dewey Decimal Classification     Non-fiction Central Library, University of Rajshahi Central Library, University of Rajshahi   15/06/1968 Zeitlinger 97.60   341 SCM 1967 26/07/2016 C-4 Books